ბათუმის შოთა რუსთაველის სახელმწიფო უნივერსიტეტის ბიბლიოთეკა

ხანძთა და ,,ათორმეტ სავანეთა"მხარის ძველი სალოცავები : (ბიბ.ჩანაწერი № 49929)

000 -ლიდერი
ფიქსირებული სიგრძის საკონტროლო ველი 01641nam a2200289Ia 4500
001 - საკონტროლო ნომერი
საკონტროლო ველი 16865
003 - საკონტროლო ნომრის იდენტიფიკატორი
საკონტროლო ველი GE_BSU
005 - ბოლო ოპერაციის თარიღი და დრო
საკონტროლო ველი 20200203112402.0
008 - ფიქსირებული სიგრძის მონაცემთა ელემენტები - ზოგადი ინფორმაცია
ფიქსირებული სიგრძის საკონტროლო ველი 181216s2015ge xx |||||||||||||| ||geo||
020 ## - წიგნის საერთაშორისო სტანდარტული ნომერი
International Standard Book Number 9789941462115
040 ## - კატალოგიზაციის წყარო
Transcribing agency GE_BSU
041 ## - ენის კოდი
Language code of text/sound track or separate title geo
080 ## - უნივერსალური ათობითი კლასიფიკაციის ინდექსი
Universal Decimal Classification number 27-523.4 ჩ-82
100 ## - მთავარი ჩანაწერი - პიროვნების სახელი
Personal name ჩოხარაძე, მალხაზ.
9 (RLIN) 4816
245 ## - ცნობა სათაურის შესახებ
Title ხანძთა და ,,ათორმეტ სავანეთა"მხარის ძველი სალოცავები :
Remainder of title მონოგრაფია:დოკუმენტური ფილმი /
Statement of responsibility, etc მალხაზ ჩოხარაძე ; რედ: მამია ფაღავა ; ზაზა შაშიკაძე.
260 ## - გამოქვეყნების, გავრცელების, და სხვა. ცნობები
Place of publication, distribution, etc ბათუმი.
264 ## - წარმოების, გამოცემის, დისტრიბუციის და სხვა ცნობები
გამოცემის, წარმოების, დისტრიბუციის... ადგილი ბათუმი :
გამოცემის, წარმოების, დისტრიბუციის... სახელწოდება შოთა რუსთაველის უნიტის გამ-ბა,
გამოცემის, წარმოების, დისტრიბუციის... თარიღი 2015.
300 ## - ფიზიკური აღწერა
Extent 307 გვ;
Other physical details ილ,
Dimensions 20 სმ.
504 ## - BIBLIOGRAPHY, ETC. NOTE
Bibliography, etc ბიბლიოგრ.:გვ.296-304
653 ## - INDEX TERM--UNCONTROLLED
Uncontrolled term თანამედროვე თურქეთის ქართული რეგიონები
653 ## - INDEX TERM--UNCONTROLLED
Uncontrolled term ნაშრომში წარმოდგენილია კლარჯეთის ,,ათორმეტ სავანეთა"მხარის წარსული და თანამედროვეობა.
653 ## - INDEX TERM--UNCONTROLLED
Uncontrolled term ხანძთა
700 ## - ADDED ENTRY--PERSONAL NAME
Personal name ფაღავა, მამია
Relator term რედაქტორი
9 (RLIN) 6678
700 ## - ADDED ENTRY--PERSONAL NAME
Personal name შაშიკაძე, ზაზა
Relator term რედაქტორი
9 (RLIN) 6679
942 ## - ADDED ENTRY ELEMENTS (KOHA)
Koha item type წიგნი
Source of classification or shelving scheme
ეგზემპლარები
ჩამოწერის სტატუსი დაკარგული ეგზემპლარის სტატუსი კლასიფიკაციის წყარო ან თაროზე გაწყობის სქემა დაზიანების სტატუსი არ გაიცემა მუდმივი მდებარეობა (დაცვის ადგილი) ამჟამინდელი ადგილსამყოფელი თაროზე განთავსების ადგილი შეძენის თარიღი ღირებულება, შესყიდვის ნორმალური ფასი სრული შენახვის შიფრი შტრიხკოდი ბოლო ოპერაციის თარიღი ეგზემპლარის მიმდევრობითი ნომერი (კეტერი?) ფასის ძალაში შესვლის თარიღი ეგზემპლარის სახეობა საჯარო შენიშვნა
          ბათუმის შოთა რუსთაველის სახელმწიფო უნივერსიტეტის მთავარი ბიბლიოთეკა ბათუმის შოთა რუსთაველის სახელმწიფო უნივერსიტეტის მთავარი ბიბლიოთეკა წიგნსაცავი 2018-12-17 8.00 27-523.4 ჩ-82 45188 2018-12-17 45188 2018-12-17 წიგნი 8 ლ. 57 თ.
          ბათუმის შოთა რუსთაველის სახელმწიფო უნივერსიტეტის მთავარი ბიბლიოთეკა ბათუმის შოთა რუსთაველის სახელმწიფო უნივერსიტეტის მთავარი ბიბლიოთეკა წიგნსაცავი 2018-12-17 8.00 27-523.4 ჩ-82 45189 2018-12-17 45189 2018-12-17 წიგნი 8 ლ..57თ.
          ბათუმის შოთა რუსთაველის სახელმწიფო უნივერსიტეტის მთავარი ბიბლიოთეკა ბათუმის შოთა რუსთაველის სახელმწიფო უნივერსიტეტის მთავარი ბიბლიოთეკა წიგნსაცავი 2018-12-17 6.00 27-523.4 ჩ-82 27831 2018-12-17 27831 2018-12-17 წიგნი 6 ლ.
          ბათუმის შოთა რუსთაველის სახელმწიფო უნივერსიტეტის მთავარი ბიბლიოთეკა ბათუმის შოთა რუსთაველის სახელმწიფო უნივერსიტეტის მთავარი ბიბლიოთეკა წიგნსაცავი 2018-12-17 6.00 27-523.4 ჩ-82 27830 2018-12-17 27830 2018-12-17 წიგნი 6 ლ.